00326nam a2200121Ia 4500008004100000041000800041082001500049100001800064245004500082260004600127300002400173365000700197240624s9999 xx 000 0 und d aeng a650.11 BLA aBLANCHARD KEN aONE MINUTE MANAGER INCREASE PRODUCTIVITY c2005aNew DelhibHarperCollins Publishers a111 : p. : cm. ; 19 cRS